=LDR 00000nam 2200000 4500 =001 INLIS000000000051815 =005 20180105100830 =035 ##$$a 0010-0118000003 =007 ta =008 180105###########################0###### =020 ##$$a 978-979-22-6779-2 =082 ##$$a 567.91 =084 ##$$a 567.91 DIN =245 ##$$a Dinosaurus : $b Triceratops dan herbivora bertanduk lainnya =260 ##$$a Jakarta :$b Gramedia,$c 2011 =300 ##$$a 31 hlmn : $b Ilus ; $c 28 cm =650 ##$$a Dinosaurus =990 ##$$a 00230023 =990 ##$$a 01201800023 =990 ##$$a 21101199